000 00850nam a22002297a 4500
008 240605b mp ||||| |||| 00| 0 mon d
020 _a978-99973-1-671-4
035 _a10615
040 _aHE0623081
_bmon
_cMN-UlNLM
_dMN-UlNLM
_erda
041 _amon
042 _a22990
084 _2NNA
_a92
_bС.576
100 _aБэн Хоар
245 0 _aСонирхолтой амьтад
264 _aУБ.
_bМонсудар хэвлэлийн газар
_c2018
300 _a223х.
336 _2rdacontent
_atext
_btxt
337 _2rdamedia
_aunmediated
_bn
338 _2rdacarrier
_avolume
_bnc
650 _aСахалт халим Ангууч халим Заан Матар Аварга загас Анааш Хирс Усны үхэр Далайн залхаг Наж могой Бар Далайн гахай.......
942 _2NNA
_cBK
999 _c882691
_d882748